000 01259nam a2200373 c 4500
001 22193
003 ES-MaCES
005 20141221122754.0
008 090702s2009 sp l 000 | spa d
017 _aV 1456-2009
_bDL
020 _a9788498764987
035 _aCES20090006196m
040 _aES-MaCES
_bspa
_cES-MaCES
110 1 _aEspaña
_tLey orgánica para la reforma concursal, por la que se modifica la Ley orgánica 6/1985, de 1 de julio, del poder judicial
_d2003
_93184
245 1 0 _aLegislación concursal
_cAna Belén Campuzano
250 _a8ª ed.
_b/ a cargo de Ana Belén Campuzano
260 _aValencia
_bTirant lo Blanch
_c2009
300 _a420 p.
_c17 cm
490 1 _aTextos legales
500 _aÍndices
541 _cCompra
650 4 _aderecho concursal
_931756
650 4 _aderecho mercantil
_927157
650 4 _aEspaña
_926964
650 4 _alegislación económica
_927161
650 4 _atexto
_929624
653 1 0 _aLegislación
700 1 _aCampuzano Laguillo, Ana Belén
_eed. lit.
_98857
710 1 _aEspaña
_tLey concursal
_d2003
_92889
830 0 _aTextos legales (Tirant lo Blanch (Firma))
_933797
902 _aLIB Libro
942 _2CES
_cBK
_h6.1.
999 _c22193
_d22193